Les Vrais Noms des Footballeurs - Statistiques

Statistiques générales
  • Ce quiz a été pris 188 fois
  • Le résultat moyen est 6 sur 20
Statistiques - réponses
Nom complet Joueur % Correct
"..." Luís Nazário de Lima Ronaldo
88%
Ronaldo de Assis Moreira Ronaldinho
59%
Edson Arantes do Nascimento Pelé
58%
"..." Alcántara do Nascimento Thiago
53%
"..." José Paixão de Oliveira Júnior Vinícius
43%
Rodrigo Hernández Cascante Rodri
41%
"..." Silva de Goes Rodrygo
41%
Pedro González López Pedri
40%
Ricardo Izecson dos Santos Leite Kaka
31%
Marcos Aoás Corrêa Marquinhos
29%
Vítor Machado Ferreira Vitinha
29%
Pablo Martín Páez Gavira Gavi
24%
Francisco Román Alarcón Suárez Isco
19%
Képler Laveran Lima Ferreira Pepe
17%
"..." Vieira da Silva Júnior Marcelo
16%
José Ignacio Fernández Iglesias Nacho
12%
José Luis Mato Sanmartín Joselu
11%
Jorge Resurrección Merodio Koke
9%
Luis Carlos Almeida da Cunha Nani
6%
Oghenetega Tamaraebi Bakumo-"..." Tammy Abraham
3%
Aucun quiz correspondant
Distribution des résultats
% des personnes avec chaque résultat
Percentile par nombre de réponses
Votre historique - résultats
Vous n’avez pas pris ce quiz